02772 2201237 4500001002100000005001500021035002000036007000300056008004100059020002200100082001000122084001600132100002500148245014700173250000900320300003200329500003700361650002000398700002800418264003000446336002100476337003000497338002300527990001200550990001200562990001200574990001200586990001200598990001200610990001200622990001200634990001200646990001200658990001200670990001200682990001200694990001200706990001200718990001200730990001200742990001200754990001200766990001200778990001200790990001200802990001200814990001200826990001200838990001200850990001200862990001200874990001200886990001200898990001200910990001200922990001200934990001200946990001200958990001200970990001200982990001200994990001201006990001201018990001201030990001201042990001201054990001201066990001201078990001201090990001201102990001201114990001201126990001201138990001201150990001201162990001201174990001201186990001201198990001201210990001201222990001201234990001201246990001201258990001201270990001201282990001201294990001201306990001201318990001201330990001201342990001201354990001201366990001201378990001201390990001201402990001201414990001201426990001201438990001201450990001201462990001201474990001201486990001201498990001201510990001201522INLIS00000000000027720231027091956 a0010-1023000058ta231027 0 ind  a978-979-29-7016-6 a629.2 a629.2 FUR g0 aFurqon, ZePengarang1 aGambar Teknik Otomotif SMK/MAK Kelas X :bProgram Keahlian Teknik Otomotif : Kompetensi Keahlian Teknik Kendaraan Ringan Otomotif /cZ, Furqon aed 2 ax, 169 hlm :bilus ;c25 cm aKurikulum 2013 Edisi Revisi 2017 4aTeknik Otomotif0 aJoko PramonoePengarang aYogyakarta :bAndi,c2018 2rdacontentateks 2rdamediaatanpa perantara 2rdacarrieravolume a20.0210 a20.0211 a20.0212 a20.0213 a20.0214 a20.0215 a20.0216 a20.0217 a20.0218 a20.0219 a20.0220 a20.0221 a20.0222 a20.0223 a20.0224 a20.0225 a20.0226 a20.0227 a20.0228 a20.0229 a20.0230 a20.0231 a20.0232 a20.0233 a20.0234 a20.0235 a20.0236 a20.0237 a20.0238 a20.0239 a20.0240 a20.0241 a20.0242 a20.0243 a20.0244 a20.0245 a20.0246 a20.0247 a20.0248 a20.0249 a20.0250 a20.0251 a20.0252 a20.0253 a20.0254 a20.0255 a20.0256 a20.0257 a20.0258 a20.0259 a20.0260 a20.0261 a20.0262 a20.0263 a20.0264 a20.0265 a20.0266 a20.0267 a20.0268 a20.0269 a20.0270 a20.0271 a20.0272 a20.0273 a20.0274 a20.0275 a20.0276 a20.0277 a20.0278 a20.0279 a20.0280 a20.0281 a20.0282 a20.0283 a20.0284 a20.0285 a20.0286 a20.0287 a20.0288 a20.0289 a20.0290 a20.0291